[Event "NM Junior Gruppe A 2002"]
[Site "Tjele"]
[Date "2002.02.16"]
[Round "6"]
[White "Kjartansson, David"]
[Black "Poulsen, Martin"]
[Result "1-0"]
[WhiteElo "2235"]
[BlackElo "2101"]
[PlyCount "84"]
[EventDate "2002.??.??"]

1. d4 d5 2. Nf3 Nf6 3. Bg5 Ne4 4. Bh4 g6 5. e3 Bg7 6. Bd3 c5 7. c3 Bf5 8. h3
cxd4 9. exd4 Nd6 10. O-O Bxd3 11. Qxd3 Nf5 12. Bg5 O-O 13. Re1 Nc6 14. Nbd2 Qc7
15. g4 Nd6 16. Qe3 Rfe8 17. Bh6 Bh8 18. Qg5 Rad8 19. Qh4 Bf6 20. Bg5 Bg7 21.
Bh6 Bf6 22. Qg3 Na5 23. Bf4 Qb6 24. b3 Qa6 25. Re3 Ne4 26. Nxe4 dxe4 27. Rxe4
Nxb3 28. Rae1 Qxa2 29. Bg5 Bg7 30. Rxe7 Rxe7 31. Rxe7 Qa1+ 32. Re1 Qa5 33. Bxd8
Qxd8 34. Qf4 a5 35. Qe4 Qc7 36. Qe8+ Bf8 37. Ne5 Kg7 38. g5 a4 39. Re3 Bd6 40.
Ng4 a3 41. Nf6 Bf8 42. Qxf8+ Kxf8 1-0

[Event "NM Junior Gruppe A 2002"]
[Site "Tjele"]
[Date "2002.02.16"]
[Round "6"]
[White "Kristjansson, Stefan"]
[Black "Simonsen, Hans Kristian"]
[Result "1/2-1/2"]
[WhiteElo "2389"]
[BlackElo "2234"]
[PlyCount "132"]
[EventDate "2002.??.??"]

1. e4 e5 2. Nf3 Nf6 3. Nxe5 d6 4. Nf3 Nxe4 5. Bd3 Nf6 6. h3 Be7 7. c3 Nbd7 8.
Bc2 O-O 9. O-O b6 10. d4 Bb7 11. Re1 Re8 12. Bg5 Bf8 13. Nbd2 Rxe1+ 14. Qxe1 h6
15. Bh4 g5 16. Bg3 Qe7 17. Qf1 Re8 18. c4 Qe2 19. d5 Bg7 20. Rb1 Bc8 21. b3 Nh5
22. Bh2 Bc3 23. Re1 Qxf1+ 24. Kxf1 Rxe1+ 25. Kxe1 Nc5 26. Ke2 f5 27. Nb1 Bb2
28. Kd2 Nf6 29. Ng1 Nfe4+ 30. Ke2 Kf7 31. f3 Nf6 32. Ke3 a5 33. Ne2 Bd7 34.
Nbc3 Ng8 35. Kd2 Ne7 36. Nd4 Bxc3+ 37. Kxc3 Kf6 38. a3 Ng6 39. Bg3 h5 40. Ne2
Nb7 41. b4 axb4+ 42. axb4 Nd8 43. f4 Nf7 44. fxg5+ Kxg5 45. Kd4 Nfe5 46. Be1
Kf6 47. c5 bxc5+ 48. bxc5 Bb5 49. Ng3 Nf4 50. cxd6 cxd6 51. Nxf5 Nxg2 52. Bg3
Nf3+ 53. Kc3 h4 54. Bxd6 Bd7 55. Be7+ Ke5 56. d6 Nf4 57. Nxh4 Nxh4 58. Bxh4
Bxh3 59. Bg3 Kxd6 60. Bxf4+ Ke6 61. Kd4 Bg2 62. Bd3 Bf3 63. Be5 Bg2 64. Be2 Bc6
65. Bf1 Bb7 66. Bh3+ Ke7 1/2-1/2

[Event "NM Junior Gruppe A 2002"]
[Site "Tjele"]
[Date "2002.02.16"]
[Round "6"]
[White "Liitiaeinen, Elia"]
[Black "Borchgrevink, Harald Bonaventura"]
[Result "1/2-1/2"]
[WhiteElo "2190"]
[BlackElo "2168"]
[PlyCount "85"]
[EventDate "2002.??.??"]

1. e4 c5 2. Nc3 Nc6 3. f4 d6 4. Nf3 g6 5. Bb5 Bd7 6. d3 Bg7 7. O-O e6 8. f5
exf5 9. exf5 Bxf5 10. Re1+ Nge7 11. Bxc6+ bxc6 12. Qe2 Rb8 13. Bg5 f6 14. Bf4
Rb7 15. Ne4 Bxe4 16. Qxe4 Qd7 17. Qe6 Qxe6 18. Rxe6 Kf7 19. Rae1 Nc8 20. Bxd6
Nxd6 21. Rxd6 Rc8 22. b3 Re7 23. d4 Rxe1+ 24. Nxe1 cxd4 25. Rd7+ Kg8 26. Rxa7
Bh6 27. Nd3 c5 28. Ra4 Kf7 29. Rc4 Bf8 30. b4 Ra8 31. bxc5 Rxa2 32. c6 Ra8 33.
Rxd4 Rc8 34. Rc4 Ke6 35. Kf2 Kd5 36. Rc3 Kd4 37. Rb3 Rxc6 38. Ne1 Bc5 39. Ke2
Re6+ 40. Kd2 Kc4 41. Rc3+ Kb4 42. Rb3+ Kc4 43. Rc3+ 1/2-1/2

[Event "NM Junior Gruppe A 2002"]
[Site "Tjele"]
[Date "2002.02.16"]
[Round "6"]
[White "Olsson, Simon"]
[Black "Hansen, Victor"]
[Result "0-1"]
[WhiteElo "2059"]
[BlackElo "2151"]
[PlyCount "80"]
[EventDate "2002.??.??"]

1. d4 d5 2. c4 c6 3. Nc3 Nf6 4. Bg5 dxc4 5. e3 b5 6. a4 b4 7. Na2 Ne4 8. Bf4
Qa5 9. Ne2 Na6 10. f3 Nd6 11. Ng3 b3+ 12. Nc3 Nb4 13. Kf2 Ba6 14. e4 e6 15. Be2
Rd8 16. Qf1 Nc2 17. Rd1 Qb4 18. Rd2 Nb7 19. Qd1 Rxd4 20. Rxd4 Nxd4 21. Be3 Nc2
22. Nf1 Bc5 23. f4 O-O 24. Kf3 Rd8 25. Qc1 Bxe3 26. Nxe3 Nd4+ 27. Kf2 Nxe2 28.
Kxe2 Nc5 29. f5 Nxa4 30. fxe6 fxe6 31. Nxa4 Qxa4 32. Qc3 Qb5 33. Rd1 Rd3 34.
Rxd3 cxd3+ 35. Kf3 Qh5+ 36. g4 Qh3+ 37. Kf4 Qxh2+ 38. Kf3 Qe2+ 39. Kf4 Qf2+ 40.
Ke5 Qf6+ 0-1